000
00200 a2200097 4500
001
7811
100
_a
Taylor, F S
245
_a
The world of science
260
_a
_b
Heinemann
_c
090
_c
6260
_d
6260
942
_a
NUST-CAE
_c
M
_c
32779
999
_c
242884
_d
242884